00257nam a2200109Ia 4500100001600000654002800016245004200044260003100086082001000117300000800127546001200135 aGoody/ Roy  aInterface the 8086/8088 aProgramming & Interface the 8086/8088 bMacmillanaSingaporec1992 a5.265 a392 aENGLISH